NBA Players With The Most.. #2 - Statistics

General Stats
  • This quiz has been taken 9 times
  • The average score is 8 of 16
Answer Stats
Question Answer % Correct
Let's start off easy, what player has the career scoring record? LeBron James
100%
Following the last question, what NBA player has NEVER gotten a technical foul, a flagrant, or been ejected? Rookies don't count. Mike Conley
71%
Which player got a record breaking 30 assists in a game against the Denver Nuggets and holds the unbreakable record? Scott Skiles
71%
Which player got the most technical fouls in a single season? Sheed Wallace
71%
Who is the youngest player to play an NBA game at 18 years and 6 days? Andrew Bynum
57%
What player had the most steals in a single quarter? Fat Lever
57%
And finally, who was ranked second in the MOST AMOUNT OF POINTS IN A SINGLE NBA GAME? Kobe Bryant
57%
What two teams had the lowest scoring game in NBA History? Lakers vs Pistons
57%
What player played the most games in a single regular season? Walt Bellamy
57%
Which player fouled out in a record 2 minutes and 43 seconds against the Bulls, and holds the record. Bubba Wells
43%
Who was the oldest player to play in the NBA at the insane age of 45 years old and 363 days? (arguably manute bol, but he isn't included) Nat Hickey
43%
Now let's get a little harder, what team scored the most amount of points in a single half? Pheonix Suns (1990-1991)
43%
Which player has had the most 3 point attempts in a single game with 21. Damon Staudamire
29%
Which NBA Player had the most consecutive ejections in NBA history? Don Boven
29%
Which NBA Player has played for the most teams? Ish Smith
29%
What team had the most fouls in a single game? Utah Jazz
14%
No matching quizzes found
Score Distribution
Percent of People with Each Score
Percentile by Number Answered
Your Score History
You have not taken this quiz